Представление документа в формате RUSMARC

ПолеНазваниеЗначение
  Тип записи a
  Библиографический уровень m
001 Контрольный номер RU/УОНБ/EK/586545064
005 Дата корректировки 20250916101810.4
010 Индекс ISBN __
d Цена 15 к.
9 Тираж 500 экз.
100 Данные общей обработки __
a Данные общей обработки 20180802d1985 u y0rusy0189||||ca
101 Язык документа 0_
a Язык текста rus
102 Страна публикации __
a Страна публикации RU
105 Кодированные данные (монография) __
a Кодированные данные (монография) y z 000yy
200 Заглавие и сведения об ответственности 1_
a Заглавие Материалы по истории русской культуры XIX века
e Сведения, относящиеся к заглавию учеб. пособие для учащихся-иностранцев продвинутого этапа
f Первые сведения об ответственности МГУ им. М.В. Ломоносова, Отд-ние по преподаванию рус. яз. иностр. учащимся филол. фак.
g Последующие сведения об ответственности сост. А.С. Александрова [и др.]
g Последующие сведения об ответственности под ред. А.С. Александровой
210 Выходные данные 1_
a Место издания Москва
c Издательство Изд-во МГУ
d Дата издания 1985
215 Физическое описание __
a Объем 87 с.
d Формат 20 см
606 Тематические рубрики 0_
a Основная рубрика Русская литература
x Основная подрубрика Хрестоматии для нерусских
z Хронологическая подрубрика 19 в.
610 Ключевые слова 0_
a Ключевые слова русская литература 19 в.
a Ключевые слова хрестоматии для нерусских
a Ключевые слова литература 19 в.
686 Индексы других классификаций __
a Классификационный индекс 63.3(2)1-7
2 Код системы rubbk
702 Вторичная интеллектуальная ответственность _1
a Фамилия Александрова
b Имя (инициалы) А.С.
4 Код отношения 220
4 Код отношения 340
712 Наименование организации (Вторичная ответственность) 02
a Организация/ юрисдикция Московский государственный университет им. М. В. Ломоносова
b Другие уровни Отделение по преподаванию русского языка иностранным учащимся филологического факультета
4 Код отношения 570
801 Источник записи _0
a Страна RU
b Организация Ульяновская ОНБ
c Дата составления 20180802
g Правила каталогизации RCR
801 Источник записи _1
a Страна RU
b Организация Ульяновская ОНБ
c Дата составления 20180802
g Правила каталогизации RCR
901 Тип документа __
t Тип документа m
909 Создатель записи __
a Создатель записи Милешина
938 Служебная информация __
a Имя БД retro
b Имя библиотеки УОНБ
c Имя АИБС МАРК-SQL
d Номер DOC_ID в БД 260015